Nevn alle alpelandene - Sudden Death - Statistics

General Stats
  • This quiz has been taken 16 times
  • The average score is 5 of 8
Answers on the Grid
Answers color-coded by a green-red scale on the quiz's grid according to % correct below.
Tsjekkia
Italia
Monaco
San Marino
Tyskland
Andorra
Slovakia
Frankrike
Østerrike
Liechtenstein
Romania
Kroatia
Slovenia
Sveits
 
Answer Stats
Answer % Correct
Italia
75%
Liechtenstein
75%
Østerrike
75%
Sveits
75%
Tyskland
75%
Frankrike
50%
Slovenia
25%
Monaco
0%
No matching quizzes found
Score Distribution
Percent of People with Each Score
Percentile by Number Answered
Your Score History
You have not taken this quiz